| 000 | 00657nam a22002417a 4500 | ||
|---|---|---|---|
| 001 | BR9603127 | ||
| 003 | BR-BrBNA | ||
| 005 | 20230928095020.0 | ||
| 007 | ta | ||
| 008 | 230509b bl.||||| |||| 00| 0 por d | ||
| 040 |
_aBR-BrBNA _bpor _cBiblioteca Nacional de Agricultura |
||
| 041 | _a(Por) | ||
| 072 | _aE13 | ||
| 090 | _ E13 BR9603127 | ||
| 110 | 1 |
_aAssociacao de Credito e Assistencia Rural do Estado do Para, Belem (Brasil) _9493 |
|
| 245 | 1 | _aProposta orcamentaria 1975 [ACAR/PA] | |
| 260 | 3 |
_aBelem, PA (Brasil): _c1975. |
|
| 300 | _a12 p. | ||
| 650 | _aOrcamento | ||
| 650 | _aPara | ||
| 909 |
_a202309 _bLucia _c55 _dLucia Elande |
||
| 942 | _cBK | ||
| 999 |
_c54006 _d54006 |
||